000 01004nam a2200289 i 4500
001 000032970
003 DO-SdBNP
005 20240712153146.0
007 ta
008 110804s1977 dr a 000 0 spa d
040 _aDO-SdBNP
_bspa
_cBNPHU
_erda
049 _aBNPD
082 4 _bG216a
_222
100 1 _a García Arévalo, Manuel Antonio,
_d1948-
_959457
_eautor
245 1 3 _aEl arte taíno de la República Dominicana /
_cManuel Ant. García Arévalo ; ilustraciones, Leonardo Alvarado, Radhamés Mejía
264 _aSanto Domingo :
_bMuseo del Hombre Dominicano,
_c1977.
300 _a[62 páginas :
_bilustraciones ;
_c23 cm.
336 _2rdacontent
_atexto
_btxt
337 _2rdamedia
_asin mediación
_bn
338 _2rdacarrier
_avolumen
_bnc
490 _aEstudio y Arte
504 _aBibliografía : páginas 55-60
590 _aInventariado, 2023/BT
700 1 _aAlvarado, Leonardo,
_eilustraciones
_973639
700 1 _aMejía, Radhamés,
_eilustraciones
_96414
942 _2ddc
_cLBS1
999 _c32461
_d32461